00866nam a2200181 a 450000100060000000300090000600800410001502000150005604000280007108200200009910000950011924500410021426000310025530000140028650503320030065000270063265000250065914584CO-ViMGA141112s2004 ck r 000 u spa d a9584102435 aCO-ViMGAbspacCO-ViMGA04a500.1 C173c - 81 aCardenas Salgado, Fidel Antonio; Gelvez Sanchez, Carlos Arturo.; Nieto Diaz, Jorge Adolfo.10aCiencias : bTecnologia y sociedad 8 aBogotá. McGraw Hill.2002 a189.p.il. aReproducción - herencia Respiración - homeostasis Excreción - homeostasis Ciclos biogeoquímicos - carbono - nitrógeno - fósforo Ecosistema - beneficio - peligro Atomo - estructura - bioelementos - biogenicos Fluidos - propiedades - actividades humanas Tierra - eras geológicas Ciencias : Tecnología y sociedad 814aCIENCIAS - ENSEÑANZA14aTECNOLOGIA EDUCATIVA